书目信息 |
| 题名: |
圣经的故事
|
|
| 作者: | 房龙 原著 ;刘乃亚 , 纪飞 编译 | |
| 分册: | ||
| 出版信息: | 北京 清华大学出版社 2008.04 |
|
| 页数: | 353页 | |
| 开本: | 26cm | |
| 丛书名: | ||
| 单 册: | ||
| 中图分类: | H319.4:B971 | |
| 科图分类: | ||
| 主题词: | 英语--ying yu--语言读物 | |
| 电子资源: | ||
| ISBN: | 978-7-302-17037-2 | |
| 000 | 01016nam0 2200289 450 | |
| 001 | 003765260 | |
| 005 | 20081008105211.96 | |
| 010 | @a978-7-302-17037-2@dCNY39.00 | |
| 100 | @a20080521d2008 em y0chiy0110 ea | |
| 101 | 0 | @achi@aeng |
| 102 | @aCN@b110000 | |
| 105 | @aa z 000yy | |
| 200 | 1 | @a圣经的故事@Asheng jing de gu shi@d= The story of the bible@f(美) 房龙原著@g刘乃亚, 纪飞编译@zeng |
| 210 | @a北京@c清华大学出版社@d2008.04 | |
| 215 | @a353页@c图@d26cm | |
| 300 | @a中文导读英文版 | |
| 330 | @a本书解读《圣经》这部作品,包括《圣经》是怎样一本书、成书于何时、犹太教和基督教的关系、希腊罗马文明与基督教的关系等内容。 | |
| 510 | 1 | @aStory of the bible@zeng |
| 605 | @a圣经@Asheng jing@x故事@j选集 | |
| 606 | 0 | @a英语@Aying yu@j语言读物 |
| 690 | @aH319.4:B971@v4 | |
| 701 | 1 | @a房龙@Afang long,@bH. W.@g(Van Loon, Hendrik Willem)@4原著 |
| 702 | 0 | @a刘乃亚@Aliu nai ya@4编译 |
| 702 | 0 | @a纪飞@Aji fei@4编译 |
| 801 | 0 | @aCN@bNLC@c20081008 |
| 905 | @aZUCC@dH319.4:B971@eF288 | |
| 999 | @aCYP | |
| 圣经的故事= The story of the bible/(美) 房龙原著/刘乃亚, 纪飞编译.-北京:清华大学出版社,2008.04 |
| 353页:图;26cm |
| 中文导读英文版 |
| ISBN 978-7-302-17037-2:CNY39.00 |
| 本书解读《圣经》这部作品,包括《圣经》是怎样一本书、成书于何时、犹太教和基督教的关系、希腊罗马文明与基督教的关系等内容。 |
| ● |
| 相关链接 |
|
|
|
正题名:圣经的故事
索取号:H319.4:B971/F288
 
预约/预借
| 序号 | 登录号 | 条形码 | 馆藏地/架位号 | 状态 | 备注 |
| 1 | 841200 | 208412001 | 语言库209/209语言库 52排1列6层/ [索取号:H319.4:B971/F288] | 在馆 | |
| 2 | 841201 | 208412010 | 语言库209/209语言库 52排1列6层/ [索取号:H319.4:B971/F288] | 在馆 | |
| 3 | 841202 | 208412029 | 自科二线400A/400A自科库 13排1列2层/ [索取号:H319.4:B971/F288] | 在馆 |